| 000 | 00869cam a22002417a 4500 | ||
|---|---|---|---|
| 999 |
_c16020 _d16020 |
||
| 003 | EG-ScBUE | ||
| 005 | 20200115111521.0 | ||
| 008 | 110913s1989 ua f 000 0 ara d | ||
| 040 |
_aEG-ScBUE _bara _erda _cEG-ScBUE _dEG-ScBUE |
||
| 082 | 0 | 4 |
_a892.709 _bذ هـ ن _222 |
| 100 | 1 |
_927165 _aذهني، محمود، _eمؤلف. |
|
| 245 | 1 | 0 |
_aتذوق الأدب : _bطرقه ووسائله / _cتأليف الدكتور محمود ذهني. |
| 264 | 1 |
_a[القاهرة] : _bمكتبة الأنجلو النصرية، _c[1989] |
|
| 300 |
_a427 صفحة ؛ _c24 سم |
||
| 336 |
_2rdacontent _aنص _btxt |
||
| 337 |
_2rdamedia _aبدون وسيط _bn |
||
| 338 |
_2rdacarrier _aمجلد _bnc |
||
| 590 | _abasantemad | ||
| 650 | 7 |
_aالأدب العربي _xتاريخ ونقد. _2BUEsh _98295 |
|
| 653 |
_cSeptember2011 _bGGEN |
||
| 655 | _vReading book | ||
| 942 |
_2ddc _cBB |
||